{"text_format":"3","workbook":"xlsx","n_sheets":1,"sheets":["Supp Table S3"],"read":"whole","date_system":"1900"}

{"sheet":"Supp Table S3","index":0,"n_rows":84,"n_cols":49,"rows_kept":84,"merged":[[0,34,0,36],[0,37,0,39],[0,40,0,42],[0,43,0,45],[0,46,0,48],[20,33,22,33],[23,33,24,33],[54,13,55,13],[54,33,55,33],[72,13,75,13],[72,33,75,33]]}
[{"$nulls":34},"AJ3458 (S2007A)",null,null,"AJ3459 (S2007B)",null,null,"AJ3460 (S2012A)",null,null,"AJ3461 (S2016A)",null,null,"AJ3462 (S2008)"]
["CHROM","START","STOP","REF","ALT","GENE","GENE_REGION","MUTATION_TYPE","TRANSCRIPTS","1000G_ALL","NCI60","CLINVAR","COSMIC","dbSNP","SEGDUP","DGV","CYTOBAND","GWAS_PUBMED","ENCODE_DNASE_SCORE","wgRNA","CONSELEMENT100_SCORE","DBNSFP_SIFT","DBNSFP_POLYPHEN2_HDIV","DBNSFP_POLYPHEN2_HVAR","DBNSFP_LRT","DBNSFP_MUTATIONTASTER","DBNSFP_MUTATIONASSESSOR","DBNSFP_FATHMM","DBNSFP_PROVEAN","DBNSFP_METASVM","DBNSFP_METALR","DBNSFP_FATHMMMKL","BASE_SUBSTITUTION","Reason of exclusion","Alt reads","Total reads","% of alt","Alt reads","Total reads","% of alt","Alt reads","Total reads","% of alt","Alt reads","Total reads","% of alt","Alt reads","Total reads","% of alt"]
["chr8",102829408,102829408,"T","C","AZIN1","exonic","missense","NM_148174:exon11:c.A1099G:p.S367G;NM_015878:exon12:c.A1099G:p.S367G","NA","NA","NA","NA","NA","NA","nsv611822;esv33118","8q22.3","NA","Name=2","NA","lod=1462 (715)","Tolerated (2/2)","Benign (1/3)","Benign (1/3)","Neutral (1/2)","Polymorphism (2/4)","0.99","Tolerated (1/2)","Neutral (1/2)","Tolerated (1/2)","Tolerated (1/2)","Deleterious (2/2)","Transition","not excluded",4,31,{"$f":"AI3/AJ3*100","v":{"v":12.903225806451612,"d":"12.9"}},3,24,{"$f":"AL3/AM3*100","v":12.5},10,82,{"$f":"AO3/AP3*100","v":{"v":12.195121951219512,"d":"12.2"}},6,29,{"$f":"AR3/AS3*100","v":{"v":20.689655172413794,"d":"20.7"}},5,12,{"$f":"AU3/AV3*100","v":{"v":41.66666666666667,"d":"41.7"}}]
["chr13",45516236,45516236,"A","G","COG3","exonic","missense","NM_031431:exon17:c.A1903G:p.I635V","NA","NA","NA","COSV63071238 ","NA","NA","nsv510583;dgv223e201","13q14.13","NA","NA","NA","lod=1748 (732)","Tolerated (2/2)","Benign (1/3)","Benign (1/3)","Deleterious (2/2)","Disease causing (3/4)","0.99","Tolerated (1/2)","Neutral (1/2)","Tolerated (1/2)","Tolerated (1/2)","Deleterious (2/2)","Transition","not excluded",2,18,{"$f":"AI4/AJ4*100","v":{"v":11.11111111111111,"d":"11.1"}},1,5,{"$f":"AL4/AM4*100","v":20},9,22,{"$f":"AO4/AP4*100","v":{"v":40.909090909090914,"d":"40.9"}},8,23,{"$f":"AR4/AS4*100","v":{"v":34.78260869565217,"d":"34.8"}},26,35,{"$f":"AU4/AV4*100","v":{"v":74.28571428571429,"d":"74.3"}}]
["chr1",160332454,160332454,"T","C","COPA","exonic","missense","NM_001098398:exon6:c.A490G:p.I164V;NM_004371:exon6:c.A490G:p.I164V","NA","NA","NA","COSV54098185","NA","NA","NA","1q23.2","NA","Name=1","NA","lod=917 (668)","Damaging (2/2)","Benign (1/3)","Benign (1/3)","Deleterious (2/2)","Disease causing (3/4)","-1.42","Tolerated (1/2)","Neutral (1/2)","Tolerated (1/2)","Tolerated (1/2)","Deleterious (2/2)","Transition","not excluded",6,82,{"v":7.317073170731707,"d":"7.3"},34,96,{"v":35.41666666666667,"d":"35.4"},14,255,{"v":5.490196078431373,"d":"5.5"},47,137,{"v":34.306569343065696,"d":"34.3"},24,95,{"v":25.263157894736842,"d":"25.3"}]
["chr19",19465410,19465410,"A","G","GATAD2A","exonic","missense","NM_001300946:exon1:c.A65G:p.D22G;NM_017660:exon2:c.A65G:p.D22G","NA","NA","NA","NA","NA","NA","NA","19p13.11","NA","NA","NA","lod=21 (295)","Tolerated (2/2)","Benign (1/3)","Benign (1/3)","Neutral (1/2)","Disease causing (3/4)","0.9","Tolerated (1/2)","Neutral (1/2)","Tolerated (1/2)","Tolerated (1/2)","Deleterious (2/2)","Transition","not excluded",5,15,{"v":33.33333333333333,"d":"33.3"},4,9,{"v":44.44444444444444,"d":"44.4"},26,51,{"v":50.98039215686274,"d":"51.0"},35,52,{"v":67.3076923076923,"d":"67.3"},14,34,{"v":41.17647058823529,"d":"41.2"}]
["chr3",52695006,52695006,"G","C","GLT8D1","exonic","missense","NM_018446:exon10:c.C955G:p.Q319E;NM_152932:exon10:c.C955G:p.Q319E;NM_001010983:exon11:c.C955G:p.Q319E;NM_001278280:exon11:c.C955G:p.Q319E;NM_001278281:exon11:c.C955G:p.Q319E","NA","NA","NA","NA","NA","NA","NA","3p21.1","NA","Name=8","NA","lod=328 (567)","Tolerated (2/2)","Probably damaging (3/3)","Possibly damaging (2/3)","Deleterious (2/2)","Disease causing (3/4)","1.05","Tolerated (1/2)","Neutral (1/2)","Tolerated (1/2)","Tolerated (1/2)","Deleterious (2/2)","Transversion","not excluded",21,21,{"v":100,"d":"100.0"},12,13,{"v":92.3076923076923,"d":"92.3"},40,41,{"v":97.5609756097561,"d":"97.6"},84,90,{"v":93.33333333333333,"d":"93.3"},19,23,{"v":82.6086956521739,"d":"82.6"}]
["chr17",44320429,44320429,"G","A","SLC25A39","exonic","missense","NM_001321240:exon9:c.C740T:p.A247V;NM_001143780:exon10:c.C809T:p.A270V;NM_001321241:exon10:c.C803T:p.A268V;NM_016016:exon10:c.C785T:p.A262V","NA","NA","NA","NA","NA","NA","nsv2061;nsv1146669;nsv510713","17q21.31","NA","NA","NA","lod=26 (316)","Damaging (2/2)","Probably damaging (3/3)","Probably damaging (3/3)","Deleterious (2/2)","Disease causing (3/4)","-1.26","Tolerated (1/2)","Deleterious (2/2)","Deleterious (2/2)","Deleterious (2/2)","Deleterious (2/2)","Transition","not excluded",1,8,12.5,8,16,50,13,35,{"v":37.142857142857146,"d":"37.1"},8,25,{"v":32,"d":"32.0"},9,16,{"v":56.25,"d":"56.3"}]
["chr2",152735084,152735084,"C","T","ARL6IP6","exonic","missense","NM_001350068:exon3:c.C257T:p.P86L;NM_152522:exon3:c.C545T:p.P182L","NA","NA","NA","NA","NA","NA","nsv7331;esv3592922;nsv834422;...","2q23.3","NA","NA","NA","lod=936 (670)","Damaging (2/2)","Probably damaging (3/3)","Probably damaging (3/3)","Deleterious (2/2)","Disease causing (3/4)","NA","NA","Deleterious (2/2)","Tolerated (1/2)","Tolerated (1/2)","Deleterious (2/2)","Transition","% of alt >30% only in one sample and <10% in other tumors",1,19,{"v":5.263157894736842,"d":"5.3"},4,8,{"v":50,"d":"50.0"},1,75,{"v":1.3333333333333335,"d":"1.3"},2,60,{"v":3.3333333333333335,"d":"3.3"},1,20,{"v":5,"d":"5.0"}]
["chr6",73782728,73782728,"C","T","CD109","exonic","missense","NM_001159588:exon17:c.C1847T:p.T616I;NM_001159587:exon18:c.C2078T:p.T693I;NM_133493:exon18:c.C2078T:p.T693I","NA","NA","NA","NA","NA","NA","nsv603695;nsv463154;nsv528148","6q13","NA","NA","NA","lod=270 (547)","Damaging (2/2)","Probably damaging (3/3)","Probably damaging (3/3)","Deleterious (2/2)","Disease causing (3/4)","1.44","Tolerated (1/2)","Deleterious (2/2)","Tolerated (1/2)","Tolerated (1/2)","Deleterious (2/2)","Transition","% of alt >30% only in one sample and <10% in other tumors",2,56,{"v":3.571428571428571,"d":"3.6"},4,8,{"v":50,"d":"50.0"},1,158,{"v":0.6329113924050633,"d":"0.6"},2,319,{"v":0.6269592476489028,"d":"0.6"},2,22,{"v":9.090909090909092,"d":"9.1"}]
["chr5",55954833,55954833,"G","A","IL6ST","exonic","missense","NM_002184:exon11:c.C1427T:p.T476I","NA","NA","NA","NA","NA","NA","nsv830307","5q11.2","NA","NA","NA","NA","Damaging (2/2)","Benign (1/3)","Benign (1/3)","Neutral (1/2)","Polymorphism (2/4)","0.57","Tolerated (1/2)","Neutral (1/2)","Tolerated (1/2)","Tolerated (1/2)","Neutral (1/2)","Transition","% of alt >30% only in one sample and <10% in other tumors",1,70,{"v":1.4285714285714286,"d":"1.4"},4,13,{"v":30.76923076923077,"d":"30.8"},2,229,{"v":0.8733624454148471,"d":"0.9"},6,540,{"v":1.1111111111111112,"d":"1.1"},2,37,{"v":5.405405405405405,"d":"5.4"}]
["chr2",65098035,65098035,"G","A","RAB1A","exonic","missense","NM_004161:exon3:c.C128T:p.T43I;NM_015543:exon3:c.C128T:p.T43I","NA","NA","NA","NA","NA","NA","nsv834246","2p14","NA","Name=2","NA","lod=1397 (710)","Damaging (2/2)","Probably damaging (3/3)","Probably damaging (3/3)","Deleterious (2/2)","Disease causing (3/4)","-2.31","Deleterious (2/2)","Deleterious (2/2)","Deleterious (2/2)","Deleterious (2/2)","Deleterious (2/2)","Transition","% of alt >30% only in one sample and <10% in other tumors",3,103,{"v":2.912621359223301,"d":"2.9"},5,16,{"v":31.25,"d":"31.3"},3,174,{"v":1.7241379310344827,"d":"1.7"},3,445,{"v":0.6741573033707865,"d":"0.7"},4,141,{"v":2.8368794326241136,"d":"2.8"}]
["chr20",44512834,44512834,"G","A","SERINC3","exonic","missense","NM_006811:exon3:c.C362T:p.T121I;NM_198941:exon3:c.C362T:p.T121I","NA","NA","NA","NA","NA","NA","nsv1061719","20q13.12","NA","NA","NA","lod=30 (330)","Damaging (2/2)","Possibly damaging (2/3)","Possibly damaging (2/3)","Deleterious (2/2)","Disease causing (3/4)","2.52","Tolerated (1/2)","Deleterious (2/2)","Tolerated (1/2)","Tolerated (1/2)","Deleterious (2/2)","Transition","% of alt >30% only in one sample and <10% in other tumors or less than 10 reads",1,7,{"v":14.285714285714285,"d":"14.3"},5,8,62.5,1,44,{"v":2.272727272727273,"d":"2.3"},2,46,{"v":4.3478260869565215,"d":"4.3"},1,6,{"v":16.666666666666664,"d":"16.7"}]
["chr9",132298259,132298259,"G","A","SETX","exonic","missense","NM_001351527:exon13:c.C5602T:p.P1868S;NM_001351528:exon13:c.C5602T:p.P1868S;NM_015046:exon13:c.C5602T:p.P1868S","NA","NA","NA","NA","NA","NA","nsv1041246","9q34.13","NA","NA","NA","lod=130 (475)","Tolerated (2/2)","Benign (1/3)","Benign (1/3)","Neutral (1/2)","Polymorphism (2/4)","-2.55","Deleterious (2/2)","Neutral (1/2)","Tolerated (1/2)","Tolerated (1/2)","Neutral (1/2)","Transition","% of alt >30% only in one sample and <10% in other tumors",1,76,{"v":1.3157894736842104,"d":"1.3"},4,12,{"v":33.33333333333333,"d":"33.3"},2,77,{"v":2.5974025974025974,"d":"2.6"},1,118,{"v":0.847457627118644,"d":"0.8"},2,72,{"v":2.7777777777777777,"d":"2.8"}]
["chr5",32591639,32591639,"C","T","SUB1","exonic","missense","NM_006713:exon3:c.C149T:p.S50L","NA","NA","NA","NA","NA","NA","esv2759338","5p13.3","NA","NA","NA","lod=23 (304)","Tolerated (2/2)","Benign (1/3)","Benign (1/3)","Neutral (1/2)","Disease causing (3/4)","0.82","Tolerated (1/2)","Neutral (1/2)","Tolerated (1/2)","Tolerated (1/2)","Deleterious (2/2)","Transition","% of alt >30% only in one sample and <10% in other tumors",1,123,{"v":0.8130081300813009,"d":"0.8"},6,14,{"v":42.857142857142854,"d":"42.9"},2,161,{"v":1.2422360248447204,"d":"1.2"},2,373,{"v":0.5361930294906166,"d":"0.5"},1,61,{"v":1.639344262295082,"d":"1.6"}]
["chr4",39778385,39778385,"C","T","UBE2K","exonic","missense","NM_001111113:exon5:c.C401T:p.S134L;NM_001312646:exon5:c.C371T:p.S124L;NM_001111112:exon6:c.C425T:p.S142L;NM_001312648:exon6:c.C245T:p.S82L;NM_001312647:exon7:c.C245T:p.S82L;NM_005339:exon7:c.C554T:p.S185L","NA","NA","NA","NA","NA","NA","nsv594030;dgv5193n100;nsv528308","4p14","NA","Name=1","NA","lod=1245 (699)","Tolerated (2/2)","Probably damaging (3/3)","Probably damaging (3/3)","Neutral (1/2)","Disease causing (3/4)","1.9","Tolerated (1/2)","Deleterious (2/2)","Tolerated (1/2)","Tolerated (1/2)","Deleterious (2/2)","Transition","% of alt >30% only in one sample and <10% in other tumors",2,26,{"v":7.6923076923076925,"d":"7.7"},6,20,{"v":30,"d":"30.0"},2,44,{"v":4.545454545454546,"d":"4.5"},2,145,{"v":1.3793103448275863,"d":"1.4"},2,53,{"v":3.7735849056603774,"d":"3.8"}]
["chr19",35270567,35270567,"C","T","USF2","exonic","nonsense","NM_207291:exon4:c.C349T:p.Q117X;NM_003367:exon5:c.C550T:p.Q184X","NA","NA","NA","NA","NA","NA","nsv579396;nsv953283;nsv510765;...","19q13.12","NA","NA","NA","lod=183 (509)","NA","NA","NA","Neutral (1/2)","Disease causing automatic (4/4)","NA","NA","NA","NA","NA","Deleterious (2/2)","Transition","% of alt >30% only in one sample and <10% in other tumors",1,31,{"v":3.225806451612903,"d":"3.2"},3,9,{"v":33.33333333333333,"d":"33.3"},2,50,{"v":4,"d":"4.0"},2,58,{"v":3.4482758620689653,"d":"3.4"},1,36,{"v":2.7777777777777777,"d":"2.8"}]
["chr7",44106854,44106854,"A","C","AEBP1","exonic","missense","NM_001129:exon2:c.A562C:p.S188R","NA","NA","NA","NA","NA","NA","nsv428165;nsv606746;nsv470210;...","7p13","NA","NA","NA","NA","Damaging (2/2)","Benign (1/3)","Benign (1/3)","Neutral (1/2)","Polymorphism (2/4)","-3.56","Deleterious (2/2)","Neutral (1/2)","Tolerated (1/2)","Deleterious (2/2)","Neutral (1/2)","Transversion","sequencing error, region rich in C",4,11,{"v":36.36363636363637,"d":"36.4"},14,133,{"v":10.526315789473683,"d":"10.5"},7,40,17.5,32,107,{"v":29.906542056074763,"d":"29.9"},7,39,{"v":17.94871794871795,"d":"17.9"}]
["chr7",100958279,100958279,"C","T","MUC3A","exonic","missense","NM_005960:exon2:c.C6500T:p.T2167I","NA","NA","NA","NA","NA","NA","nsv1151058;esv6119;esv2759547;...","7q22.1","NA","Name=81","NA","NA","NA","NA","NA","NA","NA","NA","NA","NA","NA","NA","Neutral (1/2)","Transition","artefact gene not expressed only small portions of exon 2 presented some reads",4,11,{"v":36.36363636363637,"d":"36.4"},1,7,{"v":14.285714285714285,"d":"14.3"},3,7,{"v":42.857142857142854,"d":"42.9"},9,40,22.5,3,27,{"v":11.11111111111111,"d":"11.1"}]
["chr12",63644461,63644461,"T","C","DPY19L2","exonic","missense","NM_173812:exon6:c.A745G:p.I249V","NA","NA","NA","NA","NA","chr7:35099529 (0.973276)","nsv559188;nsv1160039;esv2760264;...","12q14.2","NA","NA","NA","lod=414 (590)","Tolerated (2/2)","Benign (1/3)","Benign (1/3)","Unknown","Polymorphism (2/4)","1.06","Tolerated (1/2)","Neutral (1/2)","Tolerated (1/2)","Tolerated (1/2)","Deleterious (2/2)","Transition","reads with alternative base aligned at 100% on DPY19L1P1: wrong alignement",1,5,{"v":20,"d":"20.0"},5,7,{"v":71.42857142857143,"d":"71.4"},5,20,{"v":25,"d":"25.0"},6,13,{"v":46.15384615384615,"d":"46.2"},2,16,12.5]
["chr12",56155072,56155072,"G","C","MYL6B","exonic","missense","NM_001199629:exon4:c.G220C:p.E74Q;NM_002475:exon4:c.G220C:p.E74Q","NA","NA","NA","NA","NA","NA","nsv1051961","12q13.2","NA","NA","NA","NA","Tolerated (2/2)","Possibly damaging (2/3)","Benign (1/3)","Neutral (1/2)","Polymorphism (2/4)","-0.37","Tolerated (1/2)","Neutral (1/2)","Tolerated (1/2)","Tolerated (1/2)","Neutral (1/2)","Transversion","on the same reads which aligned at 100% on MYL6: wrong alignement",2,20,{"v":10,"d":"10.0"},4,13,{"v":30.76923076923077,"d":"30.8"},11,61,{"v":18.0327868852459,"d":"18.0"},8,23,{"v":34.78260869565217,"d":"34.8"},2,11,{"v":18.181818181818183,"d":"18.2"}]
["chr12",56155087,56155087,"G","A","MYL6B","exonic","missense","NM_001199629:exon4:c.G235A:p.V79M;NM_002475:exon4:c.G235A:p.V79M","NA","NA","NA","NA","NA","NA","nsv1051961","12q13.2","NA","NA","NA","NA","Damaging (2/2)","Probably damaging (3/3)","Possibly damaging (2/3)","Neutral (1/2)","Disease causing (3/4)","-0.32","Tolerated (1/2)","Neutral (1/2)","Tolerated (1/2)","Tolerated (1/2)","Neutral (1/2)","Transition",null,2,18,{"v":11.11111111111111,"d":"11.1"},4,11,{"v":36.36363636363637,"d":"36.4"},11,59,{"v":18.64406779661017,"d":"18.6"},8,22,{"v":36.36363636363637,"d":"36.4"},4,12,{"v":33.33333333333333,"d":"33.3"}]
["chr12",56155088,56155088,"T","C","MYL6B","exonic","missense","NM_001199629:exon4:c.T236C:p.V79A;NM_002475:exon4:c.T236C:p.V79A","NA","NA","NA","NA","NA","NA","nsv1051961","12q13.2","NA","NA","NA","NA","Damaging (2/2)","Benign (1/3)","Benign (1/3)","Neutral (1/2)","Disease causing (3/4)","-0.28","Tolerated (1/2)","Neutral (1/2)","Tolerated (1/2)","Tolerated (1/2)","Neutral (1/2)","Transition",null,2,16,12.5,4,11,{"v":36.36363636363637,"d":"36.4"},11,57,{"v":19.298245614035086,"d":"19.3"},8,22,{"v":36.36363636363637,"d":"36.4"},4,12,{"v":33.33333333333333,"d":"33.3"}]
["chr1",146126263,146126263,"G","A","NBPF10","exonic","missense","NM_001039703:exon14:c.C1999T:p.R667C;NM_001302371:exon14:c.C1999T:p.R667C","NA","NA","NA","NA","NA","chr1:148532845 (0.996949)","nsv831359;nsv1075385;nsv509457;...","1q21.1","NA","NA","NA","NA","NA","NA","NA","NA","NA","NA","NA","NA","NA","NA","NA","Transition","both substitutions carried by the same reads and aligned with the same identity percentage also in 13 locations in NBPF19 gene",15,35,{"v":42.857142857142854,"d":"42.9"},3,6,{"v":50,"d":"50.0"},4,52,{"v":7.6923076923076925,"d":"7.7"},7,41,{"v":17.073170731707318,"d":"17.1"},4,40,{"v":10,"d":"10.0"}]
["chr1",146126270,146126270,"C","G","NBPF10","exonic","missense","NM_001039703:exon14:c.G1992C:p.E664D;NM_001302371:exon14:c.G1992C:p.E664D","NA","NA","NA","NA","NA","chr1:148532845 (0.996949)","nsv831359;nsv1075385;nsv509457;...","1q21.1","NA","NA","NA","NA","NA","NA","NA","NA","NA","NA","NA","NA","NA","NA","NA","Transversion",null,12,34,{"v":35.294117647058826,"d":"35.3"},3,6,{"v":50,"d":"50.0"},4,58,{"v":6.896551724137931,"d":"6.9"},5,47,{"v":10.638297872340425,"d":"10.6"},4,45,{"v":8.88888888888889,"d":"8.9"}]
["chr16",16340331,16340331,"G","A","NPIPA1;NPIPA7;NPIPA8","exonic","missense","NPIPA7:NM_001282507:exon2:c.G89A:p.R30H;NPIPA8:NM_001282511:exon2:c.G89A:p.R30H;NPIPA1:NM_006985:exon2:c.G89A:p.R30H","NA","NA","NA","NA","NA","chr16:14816372 (0.993376)","nsv1049647;esv2758633;dgv2775n100;...","16p13.11","NA","NA","NA","lod=174 (504)","Tolerated (2/2)","Probably damaging (3/3)","Probably damaging (3/3)","NA","NA","0.96","Tolerated (1/2)","Neutral (1/2)","Tolerated (1/2)","Tolerated (1/2)","Neutral (1/2)","Transition","multiple alignements",6,35,{"v":17.142857142857142,"d":"17.1"},7,21,{"v":33.33333333333333,"d":"33.3"},2,11,{"v":18.181818181818183,"d":"18.2"},5,30,{"v":16.666666666666664,"d":"16.7"},2,34,{"v":5.88235294117647,"d":"5.9"}]
["chr2",95902907,95902907,"A","T","ANKRD36C","exonic","missense","NM_001310154:exon55:c.T3319A:p.Y1107N","NA","NA","NA","NA","rs200489248","chr2:97141490 (0.963888)","nsv516044;nsv834304;nsv954703;...","2q11.1","NA","NA","NA","NA","NA","NA","NA","NA","NA","NA","NA","NA","NA","NA","NA","Transversion","referenced in dbSNP",3,19,{"v":15.789473684210526,"d":"15.8"},3,7,{"v":42.857142857142854,"d":"42.9"},5,15,{"v":33.33333333333333,"d":"33.3"},2,15,{"v":13.333333333333334,"d":"13.3"},2,10,{"v":20,"d":"20.0"}]
["chrX",77682471,77682471,"C","G","ATRX","exonic","missense","NM_138270:exon8:c.G2671C:p.E891Q;NM_000489:exon9:c.G2785C:p.E929Q","NA","NA","243824;ATR-X_syndrome;MedGen:C1845055;OMIM:301040;Orphanet:ORPHA847;criteria_provided;_single_submitter;Benign","NA","rs3088074","NA","NA","Xq21.1","NA","Name=1","NA","NA","NA","NA","NA","NA","NA","NA","NA","NA","NA","NA","NA","Transversion","referenced in dbSNP",36,36,{"v":100,"d":"100.0"},10,10,{"v":100,"d":"100.0"},38,38,{"v":100,"d":"100.0"},43,43,{"v":100,"d":"100.0"},19,19,{"v":100,"d":"100.0"}]
["chr6",29943430,29943430,"G","A","HLA-A","exonic","missense","NM_001242758:exon3:c.G506A:p.R169H;NM_002116:exon3:c.G506A:p.R169H","NA","NA","NA","NA","rs1059520","chr6:29874247 (0.907724)","dgv10353n54;nsv601331;esv2759412;...","6p22.1","NA","Name=17","NA","NA","Tolerated (2/2)","Probably damaging (3/3)","Possibly damaging (2/3)","Unknown","Polymorphism automatic (1/4)","5.61","Tolerated (1/2)","Deleterious (2/2)","Tolerated (1/2)","Tolerated (1/2)","Neutral (1/2)","Transition","referenced in dbSNP",13,17,{"v":76.47058823529412,"d":"76.5"},21,48,{"v":43.75,"d":"43.8"},102,194,{"v":52.57731958762887,"d":"52.6"},130,243,{"v":53.49794238683128,"d":"53.5"},10,23,{"v":43.47826086956522,"d":"43.5"}]
["chr6",29944124,29944124,"C","G","HLA-A","exonic","missense","NM_001242758:exon4:c.C622G:p.P208A;NM_002116:exon4:c.C622G:p.P208A","NA","NA","NA","NA","rs1136741","chr6:29874247 (0.907724)","dgv10353n54;nsv601331;esv2759412;...","6p22.1","NA","Name=1","NA","NA","Tolerated (2/2)","Possibly damaging (2/3)","Possibly damaging (2/3)","Unknown","Polymorphism (2/4)","2.45","Tolerated (1/2)","Deleterious (2/2)","Tolerated (1/2)","Tolerated (1/2)","Neutral (1/2)","Transversion","referenced in dbSNP",12,29,{"v":41.37931034482759,"d":"41.4"},26,78,{"v":33.33333333333333,"d":"33.3"},78,233,{"v":33.47639484978541,"d":"33.5"},99,243,{"v":40.74074074074074,"d":"40.7"},12,39,{"v":30.76923076923077,"d":"30.8"}]
["chr6",29944151,29944151,"C","G","HLA-A","exonic","missense","NM_001242758:exon4:c.C649G:p.P217A;NM_002116:exon4:c.C649G:p.P217A","NA","NA","NA","NA","rs1059563","chr6:29874247 (0.907724)","dgv10353n54;nsv601331;esv2759412;...","6p22.1","NA","NA","NA","NA","Tolerated (2/2)","Possibly damaging (2/3)","Possibly damaging (2/3)","Unknown","Polymorphism automatic (1/4)","2.62","Tolerated (1/2)","Deleterious (2/2)","Tolerated (1/2)","Tolerated (1/2)","Neutral (1/2)","Transversion","referenced in dbSNP",4,15,{"v":26.666666666666668,"d":"26.7"},7,37,{"v":18.91891891891892,"d":"18.9"},27,132,{"v":20.454545454545457,"d":"20.5"},40,124,{"v":32.25806451612903,"d":"32.3"},2,21,{"v":9.523809523809524,"d":"9.5"}]
["chr6",31356323,31356323,"G","T","HLA-B","exonic","missense","NM_005514:exon3:c.C463A:p.R155S","NA","NA","NA","NA","rs1050654","NA","dgv10410n54;esv2731821;dgv1094e199;...","6p21.33","NA","Name=45","NA","NA","Tolerated (2/2)","Benign (1/3)","Benign (1/3)","Neutral (1/2)","Polymorphism automatic (1/4)","5.74","Tolerated (1/2)","Deleterious (2/2)","Tolerated (1/2)","Tolerated (1/2)","Neutral (1/2)","Transversion","referenced in dbSNP",13,24,{"v":54.166666666666664,"d":"54.2"},35,86,{"v":40.69767441860465,"d":"40.7"},105,238,{"v":44.11764705882353,"d":"44.1"},126,296,{"v":42.567567567567565,"d":"42.6"},10,20,{"v":50,"d":"50.0"}]
["chr6",31356368,31356368,"A","C","HLA-B","exonic","missense","NM_005514:exon3:c.T418G:p.Y140D","NA","NA","NA","NA","rs9266150","NA","dgv10410n54;esv2731821;dgv1094e199;...","6p21.33","NA","Name=45","NA","NA","Tolerated (2/2)","Benign (1/3)","Benign (1/3)","Unknown","Polymorphism automatic (1/4)","9.31","Tolerated (1/2)","Deleterious (2/2)","Tolerated (1/2)","Tolerated (1/2)","Neutral (1/2)","Transversion","referenced in dbSNP",8,10,{"v":80,"d":"80.0"},8,34,{"v":23.52941176470588,"d":"23.5"},68,160,42.5,120,267,{"v":44.9438202247191,"d":"44.9"},5,15,{"v":33.33333333333333,"d":"33.3"}]
["chr6",31356719,31356719,"G","T","HLA-B","exonic","missense","NM_005514:exon2:c.C312A:p.N104K","NA","NA","NA","NA","rs2308559","NA","dgv10410n54;esv2731821;dgv1094e199;...","6p21.33","NA","Name=45","NA","NA","Tolerated (2/2)","Possibly damaging (2/3)","Benign (1/3)","Unknown","Polymorphism (2/4)","5.85","Tolerated (1/2)","Neutral (1/2)","Tolerated (1/2)","Tolerated (1/2)","Neutral (1/2)","Transversion","referenced in dbSNP",10,32,{"v":31.25,"d":"31.3"},18,68,{"v":26.47058823529412,"d":"26.5"},58,312,{"v":18.58974358974359,"d":"18.6"},60,458,{"v":13.100436681222707,"d":"13.1"},8,27,{"v":29.629629629629626,"d":"29.6"}]
["chr6",31270025,31270025,"A","G","HLA-C","exonic","missense","NM_001243042:exon5:c.T956C:p.V319A;NM_002117:exon5:c.T956C:p.V319A","NA","NA","NA","NA","rs1050147","NA","nsv601502;dgv1094e199;esv2503823;...","6p21.33","NA","Name=1","NA","NA","Tolerated (2/2)","Benign (1/3)","Benign (1/3)","Neutral (1/2)","Polymorphism automatic (1/4)","5.52","Tolerated (1/2)","Neutral (1/2)","Tolerated (1/2)","Tolerated (1/2)","Neutral (1/2)","Transition","referenced in dbSNP",16,28,{"v":57.14285714285714,"d":"57.1"},21,63,{"v":33.33333333333333,"d":"33.3"},98,193,{"v":50.77720207253886,"d":"50.8"},142,296,{"v":47.97297297297297,"d":"48.0"},4,13,{"v":30.76923076923077,"d":"30.8"}]
["chr6",32641522,32641522,"A","C","HLA-DQA1","exonic","missense","NM_002122:exon2:c.A295C:p.M99L","NA","NA","NA","NA","rs1554151361: delTCAinsGTC","NA","esv2673715;nsv1025310;dgv10489n54;...","6p21.32","NA","NA","NA","NA","Tolerated (2/2)","Benign (1/3)","Benign (1/3)","Neutral (1/2)","Polymorphism (2/4)","6.11","Tolerated (1/2)","Neutral (1/2)","Tolerated (1/2)","Tolerated (1/2)","Neutral (1/2)","Transversion","referenced in dbSNP",5,11,{"v":45.45454545454545,"d":"45.5"},11,37,{"v":29.72972972972973,"d":"29.7"},4,32,12.5,65,174,{"v":37.35632183908046,"d":"37.4"},4,5,{"v":80,"d":"80.0"}]
["chr6",32664993,32664993,"A","G","HLA-DQB1","exonic","missense","NM_001243961:exon2:c.T184C:p.Y62H;NM_002123:exon2:c.T184C:p.Y62H","NA","0.3","NA","NA","rs281862065","NA","dgv1112e199;dgv10599n54;dgv10489n54;...","6p21.32","NA","Name=10","NA","NA","Tolerated (2/2)","Benign (1/3)","Benign (1/3)","Unknown","Polymorphism automatic (1/4)","8.09","Tolerated (1/2)","Neutral (1/2)","Tolerated (1/2)","Tolerated (1/2)","Neutral (1/2)","Transition","referenced in dbSNP",4,9,{"v":44.44444444444444,"d":"44.4"},8,21,{"v":38.095238095238095,"d":"38.1"},14,36,{"v":38.88888888888889,"d":"38.9"},53,130,{"v":40.76923076923077,"d":"40.8"},3,5,{"v":60,"d":"60.0"}]
["chr6",32581675,32581675,"C","G","HLA-DRB1","exonic","missense","NM_002124:exon3:c.G534C:p.Q178H","NA","NA","NA","NA","rs77637983","chr6:32510318 (0.894591)","nsv1025310;dgv10489n54;nsv515036;...","6p21.32","NA","NA","NA","NA","Tolerated (2/2)","Benign (1/3)","Benign (1/3)","Neutral (1/2)","Polymorphism automatic (1/4)","4.02","Tolerated (1/2)","Neutral (1/2)","Tolerated (1/2)","Tolerated (1/2)","Neutral (1/2)","Transversion","referenced in dbSNP",7,9,{"v":77.77777777777779,"d":"77.8"},22,44,{"v":50,"d":"50.0"},44,73,{"v":60.273972602739725,"d":"60.3"},164,209,{"v":78.4688995215311,"d":"78.5"},5,5,{"v":100,"d":"100.0"}]
["chr6",32581704,32581704,"C","T","HLA-DRB1","exonic","missense","NM_002124:exon3:c.G505A:p.A169T","NA","NA","NA","NA","rs78916069","chr6:32510318 (0.894591)","nsv1025310;dgv10489n54;nsv515036;...","6p21.32","NA","Name=1","NA","NA","Tolerated (2/2)","Probably damaging (3/3)","Probably damaging (3/3)","Neutral (1/2)","Polymorphism automatic (1/4)","4.15","Tolerated (1/2)","Neutral (1/2)","Tolerated (1/2)","Tolerated (1/2)","Neutral (1/2)","Transition","referenced in dbSNP",12,14,{"v":85.71428571428571,"d":"85.7"},21,33,{"v":63.63636363636363,"d":"63.6"},53,68,{"v":77.94117647058823,"d":"77.9"},150,177,{"v":84.7457627118644,"d":"84.7"},4,5,{"v":80,"d":"80.0"}]
["chr6",32581724,32581724,"A","C","HLA-DRB1","exonic","missense","NM_002124:exon3:c.T485G:p.L162R","NA","NA","NA","NA","rs707954","chr6:32510318 (0.894591)","nsv1025310;dgv10489n54;nsv515036;...","6p21.32","NA","Name=1","NA","NA","Tolerated (2/2)","Benign (1/3)","Benign (1/3)","Neutral (1/2)","Polymorphism automatic (1/4)","3.18","Tolerated (1/2)","Neutral (1/2)","Tolerated (1/2)","Tolerated (1/2)","Neutral (1/2)","Transversion","referenced in dbSNP",15,15,{"v":100,"d":"100.0"},25,25,{"v":100,"d":"100.0"},75,75,{"v":100,"d":"100.0"},172,172,{"v":100,"d":"100.0"},7,7,{"v":100,"d":"100.0"}]
["chr6",32584279,32584279,"A","G","HLA-DRB1","exonic","missense","NM_002124:exon2:c.T200C:p.V67A","NA","NA","NA","NA","rs17878951","chr6:32510318 (0.894591)","nsv1025310;dgv10489n54;nsv515036;...","6p21.32","NA","Name=11","NA","NA","Tolerated (2/2)","Benign (1/3)","Benign (1/3)","Neutral (1/2)","Polymorphism (2/4)","7.98","Tolerated (1/2)","Neutral (1/2)","Tolerated (1/2)","Tolerated (1/2)","Neutral (1/2)","Transition","referenced in dbSNP",2,12,{"v":16.666666666666664,"d":"16.7"},4,62,{"v":6.451612903225806,"d":"6.5"},11,101,{"v":10.891089108910892,"d":"10.9"},20,257,{"v":7.782101167315175,"d":"7.8"},4,7,{"v":57.14285714285714,"d":"57.1"}]
["chr6",32584282,32584282,"G","T","HLA-DRB1","exonic","missense","NM_002124:exon2:c.C197A:p.S66Y","NA","NA","NA","NA","rs707957","chr6:32510318 (0.894591)","nsv1025310;dgv10489n54;nsv515036;...","6p21.32","NA","Name=11","NA","NA","Tolerated (2/2)","Benign (1/3)","Benign (1/3)","Neutral (1/2)","Polymorphism automatic (1/4)","8.62","Tolerated (1/2)","Neutral (1/2)","Tolerated (1/2)","Tolerated (1/2)","Neutral (1/2)","Transversion","referenced in dbSNP",9,9,{"v":100,"d":"100.0"},33,33,{"v":100,"d":"100.0"},57,57,{"v":100,"d":"100.0"},148,148,{"v":100,"d":"100.0"},6,6,{"v":100,"d":"100.0"}]
["chr6",32584308,32584308,"G","C","HLA-DRB1","exonic","missense","NM_002124:exon2:c.C171G:p.D57E","NA","NA","NA","NA","rs1059575","chr6:32510318 (0.894591)","nsv1025310;dgv10489n54;nsv515036;...","6p21.32","NA","Name=11","NA","NA","Tolerated (2/2)","Benign (1/3)","Benign (1/3)","Neutral (1/2)","Polymorphism (2/4)","8.12","Tolerated (1/2)","Neutral (1/2)","Tolerated (1/2)","Tolerated (1/2)","Neutral (1/2)","Transversion","referenced in dbSNP",2,11,{"v":18.181818181818183,"d":"18.2"},7,44,{"v":15.909090909090908,"d":"15.9"},16,78,{"v":20.51282051282051,"d":"20.5"},42,237,{"v":17.72151898734177,"d":"17.7"},4,12,{"v":33.33333333333333,"d":"33.3"}]
["chr6",32589669,32589669,"G","C","HLA-DRB1","exonic","missense","NM_002124:exon1:c.C74G:p.P25R","NA","NA","NA","NA","rs148093782","chr6:32510318 (0.894591)","nsv1025310;dgv10489n54;nsv515036;...","6p21.32","NA","NA","NA","NA","Damaging (2/2)","Probably damaging (3/3)","Probably damaging (3/3)","NA","Polymorphism (2/4)","8.42","Tolerated (1/2)","Deleterious (2/2)","Tolerated (1/2)","Tolerated (1/2)","Neutral (1/2)","Transversion","referenced in dbSNP",1,6,{"v":16.666666666666664,"d":"16.7"},1,6,{"v":16.666666666666664,"d":"16.7"},3,18,{"v":16.666666666666664,"d":"16.7"},16,72,{"v":22.22222222222222,"d":"22.2"},3,6,{"v":50,"d":"50.0"}]
["chr20",10649612,10649612,"G","A","JAG1","exonic","missense","NM_000214:exon10:c.C1258T:p.P420S","NA","NA","NA","NA","rs1477546681","NA","nsv833920;nsv3291;nsv522874","20p12.2","NA","Name=3","NA","lod=1072 (684)","Damaging (2/2)","Probably damaging (3/3)","Probably damaging (3/3)","Deleterious (2/2)","Disease causing (3/4)","-0.11","Tolerated (1/2)","Deleterious (2/2)","Deleterious (2/2)","Deleterious (2/2)","Deleterious (2/2)","Transition","referenced in dbSNP",1,127,{"v":0.7874015748031495,"d":"0.8"},4,13,{"v":30.76923076923077,"d":"30.8"},2,88,{"v":2.272727272727273,"d":"2.3"},1,48,{"v":2.083333333333333,"d":"2.1"},2,50,{"v":4,"d":"4.0"}]
["chr11",1016776,1016776,"C","T","MUC6","exonic","missense","NM_005961:exon31:c.G6025A:p.V2009I","NA","NA","NA","NA","rs33988517","NA","nsv59,nsv7637,nsv820593,...","11p15.5","NA","Name=55","NA","NA","Tolerated (2/2)","Benign (1/3)","Benign (1/3)","NA","Polymorphism (2/4)","2.21","Tolerated (1/2)","Neutral (1/2)","Tolerated (1/2)","Tolerated (1/2)","Neutral (1/2)","Transition","referenced in dbSNP",14,19,{"$f":"AI46/AJ46*100","v":{"v":73.68421052631578,"d":"73.7"}},11,28,{"$f":"AL46/AM46*100","v":{"v":39.285714285714285,"d":"39.3"}},21,58,{"$f":"AO46/AP46*100","v":{"v":36.206896551724135,"d":"36.2"}},57,123,{"$f":"AR46/AS46*100","v":{"v":46.34146341463415,"d":"46.3"}},10,24,{"$f":"AU46/AV46*100","v":{"v":41.66666666666667,"d":"41.7"}}]
["chr11",1017451,1017451,"G","C","MUC6","exonic","missense","NM_005961:exon31:c.C5350G:p.H1784D","NA","NA","NA","NA","rs758323643","NA","esv3386338;nsv59;nsv7637;...","11p15.5","NA","Name=55","NA","NA","Tolerated (2/2)","Benign (1/3)","Benign (1/3)","NA","Polymorphism (2/4)","1.2","Tolerated (1/2)","Neutral (1/2)","Tolerated (1/2)","Tolerated (1/2)","Neutral (1/2)","Transversion","referenced in dbSNP",3,8,37.5,1,19,{"v":5.263157894736842,"d":"5.3"},4,30,{"v":13.333333333333334,"d":"13.3"},6,76,{"v":7.894736842105263,"d":"7.9"},2,20,{"v":10,"d":"10.0"}]
["chr11",1017041,1017041,"G","T","MUC6","exonic","nonsense","NM_005961:exon31:c.C5760A:p.Y1920X","NA","NA","NA","NA","rs75482640","NA","esv3386338;nsv59;nsv7637;...","11p15.5","NA","Name=55","NA","NA","NA","NA","NA","NA","Disease causing automatic (4/4)","NA","NA","NA","NA","NA","Neutral (1/2)","Transversion","referenced in dbSNP",7,16,{"v":43.75,"d":"43.8"},2,13,{"v":15.384615384615385,"d":"15.4"},6,42,{"v":14.285714285714285,"d":"14.3"},15,73,{"v":20.54794520547945,"d":"20.5"},6,23,{"v":26.08695652173913,"d":"26.1"}]
["chr11",1017045,1017045,"G","T","MUC6","exonic","missense","NM_005961:exon31:c.C5756A:p.P1919H","NA","NA","NA","NA","rs77885750","NA","esv3386338;nsv59;nsv7637;...","11p15.5","NA","Name=55","NA","NA","Tolerated (2/2)","Benign (1/3)","Benign (1/3)","NA","Polymorphism (2/4)","1.84","Tolerated (1/2)","Neutral (1/2)","Tolerated (1/2)","Tolerated (1/2)","Neutral (1/2)","Transversion","referenced in dbSNP",7,16,{"v":43.75,"d":"43.8"},2,12,{"v":16.666666666666664,"d":"16.7"},7,42,{"v":16.666666666666664,"d":"16.7"},17,73,{"v":23.28767123287671,"d":"23.3"},6,21,{"v":28.57142857142857,"d":"28.6"}]
["chr11",1017112,1017112,"G","C","MUC6","exonic","missense","NM_005961:exon31:c.C5689G:p.P1897A","NA","NA","NA","NA","rs77753732","NA","esv3386338;nsv59;nsv7637;...","11p15.5","NA","Name=55","NA","NA","Tolerated (2/2)","Benign (1/3)","Benign (1/3)","NA","Polymorphism (2/4)","2.3","Tolerated (1/2)","Neutral (1/2)","Tolerated (1/2)","Tolerated (1/2)","Neutral (1/2)","Transversion","referenced in dbSNP",3,8,37.5,6,17,{"v":35.294117647058826,"d":"35.3"},5,33,{"v":15.151515151515152,"d":"15.2"},19,40,47.5,6,11,{"v":54.54545454545454,"d":"54.5"}]
["chr11",1017220,1017220,"T","C","MUC6","exonic","missense","NM_005961:exon31:c.A5581G:p.T1861A","NA","NA","NA","NA","rs56238842","NA","esv3386338;nsv59;nsv7637;...","11p15.5","NA","Name=55","NA","NA","Tolerated (2/2)","Benign (1/3)","Benign (1/3)","NA","Polymorphism (2/4)","2.11","Tolerated (1/2)","Neutral (1/2)","Tolerated (1/2)","Tolerated (1/2)","Neutral (1/2)","Transition","referenced in dbSNP",3,14,{"v":21.428571428571427,"d":"21.4"},4,13,{"v":30.76923076923077,"d":"30.8"},4,6,{"v":66.66666666666666,"d":"66.7"},14,41,{"v":34.146341463414636,"d":"34.1"},4,11,{"v":36.36363636363637,"d":"36.4"}]
["chr11",1017325,1017325,"A","C","MUC6","exonic","missense","NM_005961:exon31:c.T5476G:p.Y1826D","NA","NA","NA","NA","rs55903826","NA","esv3386338,nsv59,nsv7637,...","11p15.5","NA","Name=55","NA","NA","Damaging (2/2)","Probably damaging (3/3)","Probably damaging (3/3)","NA","Polymorphism (2/4)","2.18","Tolerated (1/2)","Neutral (1/2)","Tolerated (1/2)","Tolerated (1/2)","Neutral (1/2)","Transversion","referenced in dbSNP",6,16,{"$f":"AI52/AJ52*100","v":37.5},5,18,{"$f":"AL52/AM52*100","v":{"v":27.77777777777778,"d":"27.8"}},17,46,{"$f":"AO52/AP52*100","v":{"v":36.95652173913043,"d":"37.0"}},32,96,{"$f":"AR52/AS52*100","v":{"v":33.33333333333333,"d":"33.3"}},6,23,{"$f":"AU52/AV52*100","v":{"v":26.08695652173913,"d":"26.1"}}]
["chr11",1017363,1017363,"C","G","MUC6","exonic","missense","NM_005961:exon31:c.G5438C:p.G1813A","NA","NA","NA","NA","rs199783663","NA","esv3386338;nsv59;nsv7637;...","11p15.5","NA","Name=55","NA","NA","Damaging (2/2)","Possibly damaging (2/3)","Possibly damaging (2/3)","NA","Polymorphism (2/4)","1.75","Tolerated (1/2)","Neutral (1/2)","Tolerated (1/2)","Tolerated (1/2)","Neutral (1/2)","Transversion","referenced in dbSNP",5,15,{"v":33.33333333333333,"d":"33.3"},4,23,{"v":17.391304347826086,"d":"17.4"},6,44,{"v":13.636363636363635,"d":"13.6"},9,97,{"v":9.278350515463918,"d":"9.3"},2,22,{"v":9.090909090909092,"d":"9.1"}]
["chr11",1017514,1017514,"A","G","MUC6","exonic","missense","NM_005961:exon31:c.T5287C:p.S1763P","NA","NA","NA","NA","rs79037833","NA","esv3386338;nsv59;nsv7637;...","11p15.5","NA","Name=55","NA","NA","Tolerated (2/2)","Benign (1/3)","Benign (1/3)","NA","Polymorphism (2/4)","1.83","Tolerated (1/2)","Neutral (1/2)","Tolerated (1/2)","Tolerated (1/2)","Neutral (1/2)","Transition","referenced in dbSNP",9,15,{"v":60,"d":"60.0"},7,19,{"v":36.84210526315789,"d":"36.8"},20,47,{"v":42.5531914893617,"d":"42.6"},37,113,{"v":32.743362831858406,"d":"32.7"},11,27,{"v":40.74074074074074,"d":"40.7"}]
["chr11",1017591,1017591,"C","G","MUC6","exonic","missense","NM_005961:exon31:c.G5210C:p.R1737P","NA","NA","NA","NA","rs1554896934","NA","esv3386338;nsv59;nsv7637;...","11p15.5","NA","NA","NA","NA","Tolerated (2/2)","Benign (1/3)","Benign (1/3)","NA","Polymorphism (2/4)","2.21","Tolerated (1/2)","Neutral (1/2)","Tolerated (1/2)","Tolerated (1/2)","Neutral (1/2)","Transversion","referenced in dbSNP",5,10,{"v":50,"d":"50.0"},3,7,{"v":42.857142857142854,"d":"42.9"},11,33,{"v":33.33333333333333,"d":"33.3"},12,52,{"v":23.076923076923077,"d":"23.1"},4,17,{"v":23.52941176470588,"d":"23.5"}]
["chr11",1017592,1017592,"G","C","MUC6","exonic","missense","NM_005961:exon31:c.C5209G:p.R1737G","NA","NA","NA","NA",null,"NA","esv3386338;nsv59;nsv7637;...","11p15.5","NA","NA","NA","NA","Tolerated (2/2)","Benign (1/3)","Benign (1/3)","NA","Polymorphism (2/4)","2.19","Tolerated (1/2)","Neutral (1/2)","Tolerated (1/2)","Tolerated (1/2)","Neutral (1/2)","Transversion",null,4,9,{"v":44.44444444444444,"d":"44.4"},1,7,{"v":14.285714285714285,"d":"14.3"},7,35,{"v":20,"d":"20.0"},9,53,{"v":16.9811320754717,"d":"17.0"},2,17,{"v":11.76470588235294,"d":"11.8"}]
["chr11",1017746,1017746,"T","G","MUC6","exonic","missense","NM_005961:exon31:c.A5055C:p.L1685F","NA","NA","NA","NA","rs78848170","NA","nsv59;nsv7637;nsv820593;...","11p15.5","NA","Name=40","NA","NA","Tolerated (2/2)","Benign (1/3)","Benign (1/3)","NA","Polymorphism (2/4)","2.27","Tolerated (1/2)","Neutral (1/2)","Tolerated (1/2)","Tolerated (1/2)","Neutral (1/2)","Transversion","referenced in dbSNP",10,22,{"v":45.45454545454545,"d":"45.5"},9,27,{"v":33.33333333333333,"d":"33.3"},33,52,{"v":63.46153846153846,"d":"63.5"},31,72,{"v":43.05555555555556,"d":"43.1"},8,23,{"v":34.78260869565217,"d":"34.8"}]
["chr11",1017981,1017981,"T","A","MUC6","exonic","missense","NM_005961:exon31:c.A4820T:p.H1607L","NA","NA","NA","NA","rs61869010","NA","nsv59;nsv7637;nsv820593;...","11p15.5","NA","Name=3","NA","NA","Tolerated (2/2)","Benign (1/3)","Benign (1/3)","NA","Polymorphism (2/4)","2.26","Tolerated (1/2)","Neutral (1/2)","Tolerated (1/2)","Tolerated (1/2)","Neutral (1/2)","Transversion","referenced in dbSNP",4,11,{"v":36.36363636363637,"d":"36.4"},3,18,{"v":16.666666666666664,"d":"16.7"},12,31,{"v":38.70967741935484,"d":"38.7"},17,58,{"v":29.310344827586203,"d":"29.3"},4,15,{"v":26.666666666666668,"d":"26.7"}]
["chr11",1018390,1018390,"C","A","MUC6","exonic","missense","NM_005961:exon31:c.G4411T:p.A1471S","NA","NA","NA","NA","rs111785507","NA","nsv59;nsv7637;nsv820593;...","11p15.5","NA","Name=13","NA","NA","Tolerated (2/2)","Benign (1/3)","Benign (1/3)","NA","Polymorphism (2/4)","2.2","Tolerated (1/2)","Neutral (1/2)","Tolerated (1/2)","Tolerated (1/2)","Neutral (1/2)","Transversion","referenced in dbSNP",4,9,{"v":44.44444444444444,"d":"44.4"},6,15,{"v":40,"d":"40.0"},7,18,{"v":38.88888888888889,"d":"38.9"},9,28,{"v":32.142857142857146,"d":"32.1"},5,10,{"v":50,"d":"50.0"}]
["chr11",1018483,1018483,"C","G","MUC6","exonic","missense","NM_005961:exon31:c.G4318C:p.E1440Q","NA","NA","NA","NA","rs78265558","NA","nsv59;nsv7637;nsv820593;...","11p15.5","NA","Name=13","NA","NA","Tolerated (2/2)","Benign (1/3)","Benign (1/3)","NA","Polymorphism (2/4)","2.43","Tolerated (1/2)","Neutral (1/2)","Tolerated (1/2)","Tolerated (1/2)","Neutral (1/2)","Transversion","referenced in dbSNP",4,10,{"v":40,"d":"40.0"},2,6,{"v":33.33333333333333,"d":"33.3"},5,10,{"v":50,"d":"50.0"},10,27,{"v":37.03703703703704,"d":"37.0"},6,11,{"v":54.54545454545454,"d":"54.5"}]
["chr1",16564149,16564149,"C","T","NBPF1","exonic","unknown","UNKNOWN","NA","NA","NA","NA","rs2992339","chr1:146959550 (0.963019)","esv3577752;nsv471344;nsv1001952;...","1p36.13","NA","NA","NA","NA","NA","NA","NA","NA","NA","NA","NA","NA","NA","NA","Neutral (1/2)","Transition","referenced in dbSNP",6,22,{"v":27.27272727272727,"d":"27.3"},1,6,{"v":16.666666666666664,"d":"16.7"},5,23,{"v":21.73913043478261,"d":"21.7"},25,51,{"v":49.01960784313725,"d":"49.0"},6,12,{"v":50,"d":"50.0"}]
["chr1",144438017,144438017,"A","G","NBPF15","exonic","missense","NM_173638:exon6:c.T206C:p.F69S;NM_001170755:exon9:c.T206C:p.F69S","NA","NA","NA","NA","rs200012164","chr1:149077138 (0.984957)","dgv381n100;esv3894156;dgv99e212;...","1q21.1","NA","NA","NA","NA","NA","NA","NA","NA","NA","NA","NA","NA","NA","NA","NA","Transition","referenced in dbSNP",6,52,{"v":11.538461538461538,"d":"11.5"},3,13,{"v":23.076923076923077,"d":"23.1"},3,48,{"v":6.25,"d":"6.3"},10,85,{"v":11.76470588235294,"d":"11.8"},11,21,{"v":52.38095238095239,"d":"52.4"}]
["chr1",120441291,120441291,"G","A","NBPF8","exonic","missense","NM_001037501:exon8:c.G580A:p.A194T","NA","NA","NA","NA","rs1340548986","chr1:120442760 (0.997796)","nsv524681","1p11.2","NA","NA","NA","NA","NA","NA","NA","NA","NA","NA","NA","NA","NA","NA","NA","Transition","referenced in dbSNP",3,6,{"v":50,"d":"50.0"},4,7,{"v":57.14285714285714,"d":"57.1"},2,8,{"v":25,"d":"25.0"},5,9,{"v":55.55555555555556,"d":"55.6"},5,10,{"v":50,"d":"50.0"}]
["chr1",149082016,149082016,"A","T","NBPF9","exonic","missense","NM_001037675:exon2:c.T124A:p.C42S;NM_001277444:exon2:c.T124A:p.C42S","NA","NA","NA","NA","rs1200683505","chr1:120148129 (0.990292)","esv3415664;dgv175n106;esv24514;...","1q21.2","NA","NA","NA","NA","NA","Benign (1/3)","Benign (1/3)","NA","NA","NA","NA","NA","Tolerated (1/2)","Tolerated (1/2)","Neutral (1/2)","Transversion","referenced in dbSNP",10,10,{"v":100,"d":"100.0"},11,13,{"v":84.61538461538461,"d":"84.6"},39,39,{"v":100,"d":"100.0"},45,47,{"v":95.74468085106383,"d":"95.7"},17,17,{"v":100,"d":"100.0"}]
["chr20",58715291,58715291,"C","G","NPEPL1","exonic","missense","NM_024663:exon12:c.C1537G:p.L513V;NM_001204872:exon13:c.C1453G:p.L485V;NM_001204873:exon13:c.C1393G:p.L465V","NA","NA","NA","NA","rs6026468","NA","nsv955141;nsv1063462","20q13.32","NA","NA","NA","NA","Tolerated (2/2)","Benign (1/3)","Benign (1/3)","Neutral (1/2)","Polymorphism automatic (1/4)","1.55","Tolerated (1/2)","Neutral (1/2)","Tolerated (1/2)","Tolerated (1/2)","Neutral (1/2)","Transversion","referenced in dbSNP",8,8,{"v":100,"d":"100.0"},7,11,{"v":63.63636363636363,"d":"63.6"},20,36,{"v":55.55555555555556,"d":"55.6"},12,30,{"v":40,"d":"40.0"},2,8,{"v":25,"d":"25.0"}]
["chr16",74391650,74391650,"A","G","NPIPB15","exonic","missense","NM_001306094:exon7:c.A902G:p.Y301C","NA","0.63","NA","NA","rs2868591 ","chr16:29035367 (0.986655)","dgv853e212;esv22159;dgv852e212;...","16q23.1","NA","Name=1","NA","NA","Tolerated (2/2)","Benign (1/3)","Benign (1/3)","NA","Polymorphism automatic (1/4)","1.02","Tolerated (1/2)","Neutral (1/2)","Tolerated (1/2)","Tolerated (1/2)","Neutral (1/2)","Transition","referenced in dbSNP",22,22,{"v":100,"d":"100.0"},23,23,{"v":100,"d":"100.0"},34,34,{"v":100,"d":"100.0"},76,79,{"v":96.20253164556962,"d":"96.2"},21,21,{"v":100,"d":"100.0"}]
["chr16",21404181,21404181,"G","C","NPIPB3","exonic","unknown","UNKNOWN","NA","NA","NA","NA","rs1290795902","chr16:22436878 (0.997725)","esv25717;nsv433437;nsv1110272;...","16p12.2","NA","NA","NA","NA","NA","NA","NA","NA","NA","NA","NA","NA","NA","NA","NA","Transversion","referenced in dbSNP",6,38,{"v":15.789473684210526,"d":"15.8"},5,16,{"v":31.25,"d":"31.3"},6,19,{"v":31.57894736842105,"d":"31.6"},8,42,{"v":19.047619047619047,"d":"19.0"},1,8,12.5]
["chr16",22534576,22534576,"G","T","NPIPB5","exonic","missense","NM_001135865:exon7:c.G1593T:p.K531N","NA","NA","NA","NA","rs143579045","chr16:21397592 (0.997725)","nsv978043;nsv499139;nsv833171;...","16p12.2","NA","NA","NA","NA","Tolerated (2/2)","Benign (1/3)","Benign (1/3)","NA","Polymorphism (2/4)","2.18","Tolerated (1/2)","Neutral (1/2)","Tolerated (1/2)","Tolerated (1/2)","Neutral (1/2)","Transversion","referenced in dbSNP",6,14,{"$f":"AI68/AJ68*100","v":{"v":42.857142857142854,"d":"42.9"}},9,26,{"$f":"AL68/AM68*100","v":{"v":34.61538461538461,"d":"34.6"}},16,33,{"$f":"AO68/AP68*100","v":{"v":48.484848484848484,"d":"48.5"}},9,31,{"$f":"AR68/AS68*100","v":{"v":29.03225806451613,"d":"29.0"}},3,11,{"$f":"AU68/AV68*100","v":{"v":27.27272727272727,"d":"27.3"}}]
["chr1",148961892,148961892,"C","T","PDE4DIP","exonic","missense","NM_001002811:exon3:c.C1313T:p.S438L;NM_001350520:exon3:c.C1313T:p.S438L;NM_001002812:exon7:c.C824T:p.S275L;NM_001198834:exon7:c.C824T:p.S275L;NM_014644:exon7:c.C824T:p.S275L;NM_001198832:exon10:c.C1022T:p.S341L;NM_001350521:exon10:c.C1235T:p.S412L;NM_001350522:exon10:c.C1022T:p.S341L;NM_001350523:exon10:c.C1022T:p.S341L","NA","NA","NA","NA","rs1359300","chr1:120533238 (0.993276)","nsv946249;nsv821620;nsv824365;...","1q21.2","NA","NA","NA","lod=81 (428)","NA","NA","NA","NA","NA","NA","NA","NA","NA","NA","NA","Transition","referenced in dbSNP",5,10,{"v":50,"d":"50.0"},2,7,{"v":28.57142857142857,"d":"28.6"},21,67,{"v":31.343283582089555,"d":"31.3"},19,141,{"v":13.47517730496454,"d":"13.5"},7,13,{"v":53.84615384615385,"d":"53.8"}]
["chr1",148961952,148961952,"G","A","PDE4DIP","exonic","missense","NM_001002811:exon3:c.G1373A:p.R458H;NM_001350520:exon3:c.G1373A:p.R458H;NM_001002812:exon7:c.G884A:p.R295H;NM_001198834:exon7:c.G884A:p.R295H;NM_014644:exon7:c.G884A:p.R295H;NM_001198832:exon10:c.G1082A:p.R361H;NM_001350521:exon10:c.G1295A:p.R432H;NM_001350522:exon10:c.G1082A:p.R361H;NM_001350523:exon10:c.G1082A:p.R361H","NA","NA","NA","NA","rs2455994","chr1:120533238 (0.993276)","nsv946249;nsv821620;nsv824365;...","1q21.2","NA","NA","NA","lod=246 (538)","NA","NA","NA","NA","NA","NA","NA","NA","NA","NA","NA","Transition","referenced in dbSNP",4,15,{"v":26.666666666666668,"d":"26.7"},10,18,{"v":55.55555555555556,"d":"55.6"},2,70,{"v":2.857142857142857,"d":"2.9"},23,121,{"v":19.00826446280992,"d":"19.0"},6,20,{"v":30,"d":"30.0"}]
["chr16",70127360,70127360,"T","C","PDPR","exonic","missense","NM_001322118:exon2:c.T28C:p.Y10H;NM_001322117:exon4:c.T328C:p.Y110H;NM_017990:exon4:c.T328C:p.Y110H","NA","NA","NA","NA","rs2549532","chr16:74331604 (0.978895)","nsv442725;nsv1077831;esv3892880;...","16q22.1","NA","NA","NA","lod=400 (586)","Tolerated (2/2)","Benign (1/3)","Benign (1/3)","Neutral (1/2)","Polymorphism automatic (1/4)","-1.46","Tolerated (1/2)","Neutral (1/2)","Tolerated (1/2)","Tolerated (1/2)","Neutral (1/2)","Transition","referenced in dbSNP",3,23,{"v":13.043478260869565,"d":"13.0"},2,8,{"v":25,"d":"25.0"},11,31,{"v":35.483870967741936,"d":"35.5"},7,62,{"v":11.29032258064516,"d":"11.3"},2,10,{"v":20,"d":"20.0"}]
["chr16",15004190,15004190,"C","G","PDXDC1","exonic","missense","NM_001285444:exon4:c.C165G:p.I55M;NM_001285445:exon4:c.C162G:p.I54M;NM_001324021:exon4:c.C165G:p.I55M;NM_001285447:exon5:c.C201G:p.I67M;NM_001285449:exon5:c.C246G:p.I82M;NM_001285450:exon5:c.C246G:p.I82M;NM_001324019:exon5:c.C243G:p.I81M;NM_001324020:exon5:c.C243G:p.I81M;NM_015027:exon5:c.C246G:p.I82M","NA","0.17","NA","NA","rs11549900","chr16:70009898 (0.979024)","esv2762254;nsv1132417;dgv462n67;...","16p13.11","NA","NA","NA","lod=1096 (686)","Tolerated (2/2)","Benign (1/3)","Benign (1/3)","Neutral (1/2)","Polymorphism automatic (1/4)","1.17","Tolerated (1/2)","Neutral (1/2)","Tolerated (1/2)","Tolerated (1/2)","Deleterious (2/2)","Transversion","referenced in dbSNP",9,57,{"v":15.789473684210526,"d":"15.8"},4,12,{"v":33.33333333333333,"d":"33.3"},14,57,{"v":24.561403508771928,"d":"24.6"},35,98,{"v":35.714285714285715,"d":"35.7"},1,63,{"v":1.5873015873015872,"d":"1.6"}]
["chr3",40462029,40462023,"A","G","RPL14","exonic","missense","NM_001034996:exon6:c.A439G:p.K147E;NM_003973:exon6:c.A439G:p.K147E","NA","NA","NA","NA","rs57354599","NA","nsv818137","3p22.1","NA","NA","NA","lod=31 (333)","Damaging (2/2)","Benign (1/3)","Benign (1/3)","Unknown","Disease causing (3/4)","0.71","Tolerated (1/2)","Neutral (1/2)","Tolerated (1/2)","Tolerated (1/2)","Deleterious (2/2)","Transition","referenced in dbSNP",12,33,{"v":36.36363636363637,"d":"36.4"},2,9,{"v":22.22222222222222,"d":"22.2"},18,83,{"v":21.686746987951807,"d":"21.7"},9,63,{"v":14.285714285714285,"d":"14.3"},9,21,{"v":42.857142857142854,"d":"42.9"}]
["chr3",40462024,40462024,"A","C","RPL14","exonic","missense","NM_001034996:exon6:c.A440C:p.K147T;NM_003973:exon6:c.A440C:p.K147T","NA","NA","NA","NA",null,"NA","nsv818137","3p22.1","NA","NA","NA","lod=31 (333)","Damaging (2/2)","Possibly damaging (2/3)","Benign (1/3)","Unknown","Disease causing (3/4)","0.63","Tolerated (1/2)","Neutral (1/2)","Tolerated (1/2)","Tolerated (1/2)","Deleterious (2/2)","Transversion",null,12,33,{"v":36.36363636363637,"d":"36.4"},2,9,{"v":22.22222222222222,"d":"22.2"},19,85,{"v":22.35294117647059,"d":"22.4"},9,60,{"v":15,"d":"15.0"},9,21,{"v":42.857142857142854,"d":"42.9"}]
["chr3",40462025,40462025,"G","T","RPL14","exonic","missense","NM_001034996:exon6:c.G441T:p.K147N;NM_003973:exon6:c.G441T:p.K147N","NA","NA","NA","NA",null,"NA","nsv818137","3p22.1","NA","NA","NA","lod=31 (333)","Damaging (2/2)","Possibly damaging (2/3)","Benign (1/3)","Unknown","Disease causing (3/4)","0.65","Tolerated (1/2)","Neutral (1/2)","Tolerated (1/2)","Tolerated (1/2)","Deleterious (2/2)","Transversion",null,21,33,{"v":63.63636363636363,"d":"63.6"},2,9,{"v":22.22222222222222,"d":"22.2"},19,85,{"v":22.35294117647059,"d":"22.4"},11,62,{"v":17.741935483870968,"d":"17.7"},10,21,{"v":47.61904761904761,"d":"47.6"}]
["chr3",40462027,40462027,"G","C","RPL14","exonic","missense","NM_001034996:exon6:c.G443C:p.G148A;NM_003973:exon6:c.G443C:p.G148A","NA","NA","NA","NA",null,"NA","nsv818137","3p22.1","NA","NA","NA","lod=31 (333)","Tolerated (2/2)","Benign (1/3)","Benign (1/3)","Unknown","Disease causing (3/4)","1.14","Tolerated (1/2)","Neutral (1/2)","Tolerated (1/2)","Tolerated (1/2)","Neutral (1/2)","Transversion",null,11,28,{"v":39.285714285714285,"d":"39.3"},3,7,{"v":42.857142857142854,"d":"42.9"},19,66,{"v":28.78787878787879,"d":"28.8"},10,54,{"v":18.51851851851852,"d":"18.5"},9,17,{"v":52.94117647058824,"d":"52.9"}]
["chr12",11022461,11022461,"G","C","TAS2R19","exonic","missense","NM_176888:exon1:c.C111G:p.N37K","NA","NA","NA","NA","rs1481614949","chr12:11068544 (0.908041)","nsv973027;dgv769n106;nsv8917;...","12p13.2","NA","Name=1","NA","NA","Tolerated (2/2)","Benign (1/3)","Benign (1/3)","Neutral (1/2)","Polymorphism (2/4)","6.0","Tolerated (1/2)","Neutral (1/2)","Tolerated (1/2)","Tolerated (1/2)","Neutral (1/2)","Transversion","referenced in dbSNP",7,14,{"v":50,"d":"50.0"},1,8,12.5,1,7,{"v":14.285714285714285,"d":"14.3"},8,18,{"v":44.44444444444444,"d":"44.4"},6,19,{"v":31.57894736842105,"d":"31.6"}]
["chr12",11022474,11022474,"A","T","TAS2R19","exonic","missense","NM_176888:exon1:c.T98A:p.I33N","NA","NA","NA","NA","rs762827146","chr12:11068544 (0.908041)","nsv973027;dgv769n106;nsv8917;...","12p13.2","NA","Name=1","NA","NA","Damaging (2/2)","Benign (1/3)","Benign (1/3)","Neutral (1/2)","Polymorphism (2/4)","1.19","Tolerated (1/2)","Deleterious (2/2)","Tolerated (1/2)","Tolerated (1/2)","Neutral (1/2)","Transversion","referenced in dbSNP",15,20,{"v":75,"d":"75.0"},2,9,{"v":22.22222222222222,"d":"22.2"},4,14,{"v":28.57142857142857,"d":"28.6"},15,28,{"v":53.57142857142857,"d":"53.6"},6,20,{"v":30,"d":"30.0"}]
["chr12",11030977,11030977,"T","C","TAS2R31","exonic","missense","NM_176885:exon1:c.A359G:p.H120R","NA","NA","NA","NA","rs72475488","chr12:11085792 (0.916904)","nsv973027;dgv769n106;nsv8917;...","12p13.2","NA","NA","NA","NA","Tolerated (2/2)","Benign (1/3)","Benign (1/3)","NA","Polymorphism automatic (1/4)","5.77","Tolerated (1/2)","Deleterious (2/2)","Tolerated (1/2)","Tolerated (1/2)","Neutral (1/2)","Transition","referenced in dbSNP",16,28,{"v":57.14285714285714,"d":"57.1"},2,5,{"v":40,"d":"40.0"},7,13,{"v":53.84615384615385,"d":"53.8"},9,16,{"v":56.25,"d":"56.3"},10,24,{"v":41.66666666666667,"d":"41.7"}]
[]
["Table S3. Exonic mutations detected by RNA sequencing. "]
["Full annotations of the 77 mutations detected are presented. dbSNP identification code is indicated in red when it was found afterwards by search on Ensembl Genome Browser."]
["Number of alternative reads and total reads number are indicated for each of the five sequenced samples. Percentage of alternative reads compared to total number of reads is calculated."]
["Percentages above 30% are highlighted in orange and percentages less than 10% are highlighted in green. When the total number of reads is less than 10 it is noted in red. NA: not available. Alt: alternative."]